KOHA-Header-6

Software Engineering (Record no. 8440)

000 -LEADER
fixed length control field 00235nam a2200109Ia 4500
020 ## - INTERNATIONAL STANDARD BOOK NUMBER
ISBN 978-0073655789
100 ## - MAIN ENTRY--AUTHOR NAME
Personal name Roger S. Pressman
245 #0 - TITLE STATEMENT
Title Software Engineering
260 ## - PUBLICATION, DISTRIBUTION, ETC. (IMPRINT)
Place of publication USA
Name of publisher McGraw -Hill
Year of publication 2002
300 ## - PHYSICAL DESCRIPTION
Number of Pages 881
942 ## - ADDED ENTRY ELEMENTS (KOHA)
Koha item type Books
Holdings
Withdrawn status Lost status Collection code Permanent Location Current Location Shelving location Date acquired Full call number Accession Number Koha item type
    Computer Science MAJU MAJU Shelf No.A16 2019-09-14 005.4 3151 Computer Science

Powered by Koha